000 00700nam a2200241 i 4500
001 bgj
100 1 _aBarnett, Lincoln.
245 1 0 _aEinstein und das Universum /
_cLincoln Barnett ; mit einem Vorwort von Albert Einstein.
260 _aFrankfurt am Main :
_bFischer Bücherei,
_c1952.
300 _a158, [1] s. :
_bil. ;
_c18 cm.
490 1 _aFischer Bücherei
_v21
504 _aBibliogr. s. 150-153. Indeks.
600 1 4 _aEinstein, Albert
_d(1879-1955)
650 4 _aFizyka
700 1 _aEinstein, Albert
_d(1879-1955).
830 _aFischer Bücherei
040 _cBPK
041 0 _ager
044 _aDEU
080 _a0
942 _cKS
008 s gw f |000 0 ger
999 _c50640
_d50640
856 _uhttp://koha.tu.koszalin.pl/cgi-bin/koha/opac-detail.pl?biblionumber=50640
_yKatalog online BPK